Знаменитые люди по имени Андрей - Statistics

General Stats
  • This quiz has been taken 87 times
    65 since last reset
  • The average score is 7 of 18
Answer Stats
Подсказка Ответ % Correct
Серийный убийца Андрей {Чикатило}
75%
Футболист; Обладатель Кубка УЕФА и Суперкубка Европы в составе «Зенита». Андрей {Аршавин}
66%
Лидер рок-группы «Машина времени» Андрей {Макаревич}
57%
Актёр, снявшийся в фильмах «12 стульев» и «Бриллиантовая рука» Андрей {Миронов}
53%
Иконописец московской школы иконописи Андрей {Рублёв}
49%
Лидер панк-рок-группы «Король и Шут» Андрей {Князев}
49%
Кинорежиссер, снявший фильмы «Солярис» и «Сталкер» Андрей {Тарковский}
43%
Футболист, футбольный тренер и обладатель «Золотого мяча» как лучший футболист Европы Андрей {Шевченко}
38%
Ведущий шоу «Танцы со звёздами» Андрей {Малахов}
36%
Авиаконструктор Андрей {Туполев}
32%
Кинорежиссер, снявший фильмы «Левиафан» и «Нелюбовь» Андрей {Звягинцев}
32%
Министр обороны России Андрей {Белоусов}
32%
Физик-теоретик, диссидент и лауреат Нобелевской премии мира Андрей {Сахаров}
30%
Актёр, снявшийся в фильмах «Ирония судьбы, или С лёгким паром!» и «Служебный роман» Андрей {Мягков}
30%
Кинорежиссер, снявший фильмы «Дядя Ваня» и «Дорогие товарищи!» Андрей {Кончаловский}
11%
Актёр, снявшийся в фильмах «Брестская крепость» и «Единичка» Андрей {Мерзликин}
9%
Актёр, снявшийся в фильмах «Бой с тенью» и «Свадьба» Андрей {Панин}
9%
Актёр, снявшийся в фильмах «Доктор Лиза» и «Молоко» Андрей {Бурковский}
4%
No matching quizzes found
Score Distribution
Percent of People with Each Score
Percentile by Number Answered
Your Score History
You have not taken this quiz since the last reset